Statistics for Chemical symbol

Click here to take the quiz!

General Stats

  • This quiz has been taken 17 times
  • The average score is 14 of 15

Answer Stats

HinAnswer% Correct
sodiumNa
100%
potassiumK
100%
oxygenO
100%
nitrogenN
100%
magnesiumMg
100%
manganeseMn
100%
aluminiumAl
100%
platinumPt
100%
calciumCa
100%
goldAu
100%
chlorineCl
100%
sulphurS
100%
tinSn
94%
silverAg
88%
antimonySb
50%

Score Distribution

Percentile by Number Answered

Percent of People with Each Score

Your Score History

You have not taken this quiz